Western civilizations / (Record no. 2223)

MARC details
000 -LEADER
fixed length control field 00654nam a22002177a 4500
003 - CONTROL NUMBER IDENTIFIER
control field BD-DhJNU
005 - DATE AND TIME OF LATEST TRANSACTION
control field 20251009062933.0
008 - FIXED-LENGTH DATA ELEMENTS--GENERAL INFORMATION
fixed length control field 251009b |||||||| |||| 00| 0 eng d
020 ## - INTERNATIONAL STANDARD BOOK NUMBER
International Standard Book Number 9780393930993
040 ## - CATALOGING SOURCE
Original cataloging agency BD-DhJNU
Language of cataloging ENG
Transcribing agency BD-DhJNU
Modifying agency BD-DhJNU
082 ## - DEWEY DECIMAL CLASSIFICATION NUMBER
Edition number 23
Classification number 909.09821
100 ## - MAIN ENTRY--PERSONAL NAME
Personal name Coffin, Judith G.
245 ## - TITLE STATEMENT
Title Western civilizations /
Statement of responsibility, etc. Judith G. Coffin and Robert C. Stacey
250 ## - EDITION STATEMENT
Edition statement 16th ed.
260 ## - PUBLICATION, DISTRIBUTION, ETC.
Place of publication, distribution, etc. New York :
Name of publisher, distributor, etc. W. W. Norton & Company,
Date of publication, distribution, etc. 2008.
300 ## - PHYSICAL DESCRIPTION
Extent xxviii, 1071 p. [various] :
Other physical details ill. ;
Dimensions 29 cm.
504 ## - BIBLIOGRAPHY, ETC. NOTE
Bibliography, etc. note includes index
650 ## - SUBJECT ADDED ENTRY--TOPICAL TERM
Topical term or geographic name entry element Western Civilizations
700 ## - ADDED ENTRY--PERSONAL NAME
Personal name Stacey, Robert C.
942 ## - ADDED ENTRY ELEMENTS (KOHA)
Source of classification or shelving scheme Dewey Decimal Classification
Koha item type Books
Suppress in OPAC No
Holdings
Withdrawn status Lost status Source of classification or shelving scheme Damaged status Not for loan Collection Home library Current library Shelving location Date acquired Source of acquisition Total checkouts Full call number Barcode Date last seen Copy number Price effective from Koha item type
    Dewey Decimal Classification     Non-fiction Jagannath University Central Library Jagannath University Central Library General stacks 10/09/2025 Purchased   909.09821 COW JNUCL28632 10/09/2025 1 10/09/2025 Books
    Dewey Decimal Classification     Non-fiction Jagannath University Central Library Jagannath University Central Library General stacks 10/09/2025 Purchased   909.09821 COW JNUCL28633 10/09/2025 2 10/09/2025 Books